[Event "Batumi BCSA op"]
[Site "Batumi"]
[Date "2003.07.21"]
[Round "5"]
[White "Jamagidze, Mikheil"]
[Black "Shurgulaia, Giorgi"]
[Result "1-0"]
[WhiteElo "2259"]
[BlackElo "2146"]
[PlyCount "87"]
[EventDate "2003.07.16"]
[EventType "swiss"]
[EventRounds "9"]
[EventCountry "GEO"]
[SourceTitle "CBM 095 Extra"]
[Source "ChessBase"]
[SourceDate "2003.09.04"]
[SourceVersion "1"]
[SourceVersionDate "2003.09.04"]
[SourceQuality "1"]

1. c4 g6 2. g3 Bg7 3. Bg2 d6 4. Nc3 c6 5. Nf3 Nd7 6. 0-0 Ngf6 7. d4 0-0 8. e4 e5 9. h3 Re8 10. d5 c5 11. Ne1 a6 12. Nd3 h6 13. a3 b6 14. Bd2 Qc7 15. Kh2 Rb8 16. Qc2 b5 17. b3 bxc4 18. bxc4 Nb6 19. Ne2 Nh7 20. Ba5 f5 21. Rab1 Qa7 22. f3 Rf8 23. f4 Nd7 24. Rxb8 Qxb8 25. exf5 gxf5 26. Rb1 Qa7 27. Qa4 e4 28. Ne1 Ndf6 29. Qc6 Qe7 30. Rb6 Nd7 31. Qxd6 Qf7 32. Rc6 Re8 33. Rc7 Nhf6 34. Qc6 Qf8 35. d6 Kf7 36. Qxc5 Ke6 37. Nd4+ Kf7 38. Nxf5 Kg6 39. Nh4+ Kh7 40. Qf5+ Kg8 41. c5 Nb6 42. Rxc8 Nxc8 43. d7 Nxd7 44. Qxd7 1-0

[Event "GEO-ch I Liga"]
[Site "Tbilisi"]
[Date "2002.05.02"]
[Round "8"]
[White "Jamagidze, Mikheil"]
[Black "Epitashvili, Ketevan"]
[Result "1-0"]
[WhiteElo "2299"]
[BlackElo "2173"]
[PlyCount "67"]
[EventDate "2002.05.??"]
[EventType "swiss"]
[EventRounds "9"]
[EventCountry "GEO"]
[SourceTitle "EXT 2004"]
[Source "ChessBase"]
[SourceDate "2003.11.25"]
[SourceVersion "1"]
[SourceVersionDate "2003.11.25"]
[SourceQuality "1"]

1. e4 c5 2. Nf3 d6 3. c3 Nf6 4. Be2 Nc6 5. d4 cxd4 6. cxd4 g6 7. 0-0 Bg7 8. Nc3 0-0 9. h3 a6 10. Be3 b5 11. Rc1 Bb7 12. d5 Nb8 13. b4 Nbd7 14. Nd4 Rc8 15. a4 bxa4 16. Qxa4 Nb6 17. Qa2 Rxc3 18. Rxc3 Nxe4 19. Rcc1 Nxd5 20. Qa3 Nxe3 21. Qxe3 Qa8 22. Rc7 Nf6 23. Bc4 Bxg2 24. Qxe7 Bxf1 25. Bxf7+ Kh8 26. Bd5 Ne8 27. Bxa8 Nxc7 28. Kxf1 Rxa8 29. Qxc7 Bxd4 30. Qxd6 Bb2 31. Qc6 Rb8 32. Qxa6 Rxb4 33. Qc8+ Kg7 34. Qc7+ 1-0

[Event "GEO-ch U20"]
[Site "Tbilisi"]
[Date "2001.03.??"]
[Round "8"]
[White "Jamagidze, Mikheil"]
[Black "Pantsulaia, Levan"]
[Result "1-0"]
[WhiteElo "2283"]
[BlackElo "2312"]
[PlyCount "124"]
[EventDate "2001.??.??"]
[EventType "swiss"]
[EventRounds "9"]
[EventCountry "GEO"]
[SourceTitle "EXT 2004"]
[Source "ChessBase"]
[SourceDate "2003.11.25"]
[SourceVersion "1"]
[SourceVersionDate "2003.11.25"]
[SourceQuality "1"]

1. e4 c6 2. d3 d5 3. Nd2 Nf6 4. Ngf3 Bg4 5. h3 Bxf3 6. Qxf3 e6 7. g3 Nbd7 8. Bg2 Be7 9. 0-0 0-0 10. Qe2 e5 11. Kh1 g6 12. Kh2 Bd6 13. Nf3 Re8 14. Kh1 Nc5 15. Nh2 h5 16. h4 Bf8 17. Bg5 Bg7 18. Rad1 Ne6 19. Be3 Qa5 20. Qd2 Qxd2 21. Bxd2 Rad8 22. f3 dxe4 23. fxe4 Rd6 24. Be3 c5 25. Rd2 b6 26. Rdf2 Nd4 27. Bh3 a6 28. c3 Ne6 29. Rxf6 Bxf6 30. Rxf6 Rxd3 31. Nf1 b5 32. Bxe6 Rxe6 33. Rxe6 fxe6 34. Bxc5 Rd1 35. Kg2 Ra1 36. a3 Rb1 37. Bb4 Kf7 38. Ne3 Rxb2+ 39. Kf3 Rb3 40. Nc2 Rb1 41. Ke2 Kf6 42. Ne1 g5 43. Bd6 Rb3 44. Kd3 Rb1 45. Ke2 Rb3 46. Nd3 a5 47. Kd2 Rb1 48. Bxe5+ Kg6 49. Bc7 Ra1 50. Bxa5 Rxa3 51. Bd8 Ra4 52. Ne5+ Kh7 53. hxg5 Rxe4 54. Bf6 Ra4 55. g6+ Kh6 56. g7 Ra8 57. Nc6 Kg6 58. Nd8 Kh7 59. Nxe6 Kg8 60. Bd4 Ra2+ 61. Ke3 Ra3 62. Nf4 Kf7 1-0

[Event "GEO-ch U20"]
[Site "Tbilisi"]
[Date "2000.??.??"]
[Round "?"]
[White "Bakhtadze, Giorgi"]
[Black "Jamagidze, Mikheil"]
[Result "1-0"]
[WhiteElo "2469"]
[BlackElo "2287"]
[PlyCount "81"]
[EventDate "2000.??.??"]
[EventType "swiss"]
[EventRounds "9"]
[EventCountry "GEO"]
[SourceTitle "EXT 2002"]
[Source "ChessBase"]
[SourceDate "2001.11.25"]
[SourceVersion "1"]
[SourceVersionDate "2001.11.25"]
[SourceQuality "1"]

1. c4 f5 2. g3 Nf6 3. Bg2 g6 4. Nf3 Bg7 5. 0-0 0-0 6. Nc3 d6 7. d3 Nc6 8. Rb1 a5 9. a3 h6 10. b4 axb4 11. axb4 Ne5 12. b5 g5 13. Qb3 Kh8 14. Nd2 f4 15. d4 Neg4 16. Nf3 fxg3 17. fxg3 e5 18. dxe5 dxe5 19. e3 Qd6 20. Qb4 Bf5 21. c5 Qe7 22. e4 Nxe4 23. Nxe4 Bxe4 24. Qxe4 Qxc5+ 25. Kh1 Nf2+ 26. Rxf2 Qxf2 27. Be3 Qa2 28. h4 Ra4 29. Rb4 Rxb4 30. Qxb4 Qf7 31. hxg5 hxg5 32. Qg4 Bf6 33. Nxg5 Bxg5 34. Qxg5 Qh7+ 35. Kg1 Qb1+ 36. Kh2 Qh7+ 37. Kg1 Qb1+ 38. Bc1 Qxb5 39. Qh6+ Kg8 40. Qg6+ Kh8 41. Bh6 1-0